Films d'horreur par images n°1 - Statistiques

Statistiques générales
  • Ce quiz a été pris 708 fois
  • Le résultat moyen est 15 sur 20
Statistiques - réponses
Hint Réponse % Correct
Ça
95%
La nonne
95%
Dracula
90%
L'exorciste
90%
Annabelle
89%
Scream
89%
Smile
88%
American nightmare (la purge)
84%
The shining
82%
Vendredi 13
79%
Get out
77%
Terrifier
72%
Le silence des agneaux
69%
Massacre à la tronçonneuse
69%
Psychose
69%
Mister Babadook
64%
Robert
60%
Us
59%
Don't breathe : la maison des ténèbres
57%
Hush (pas un bruit)
56%
Aucun quiz correspondant
Distribution des résultats
% des personnes avec chaque résultat
Percentile par nombre de réponses
Votre historique - résultats
Vous n’avez pas pris ce quiz